| 000 | 00602nam a2200205 a 4500 | ||
|---|---|---|---|
| 005 | 20240810063814.0 | ||
| 008 | 051003s1996 mx r 000 0 spa d | ||
| 020 | _a9682989930 | ||
| 035 | _aUPN01000140473 | ||
| 049 | _aCG | ||
| 050 | 4 |
_aPQ7298.3 O7.7 _bA2.3 |
|
| 100 | 1 |
_aTorres, Morelos, _d1967- |
|
| 245 | 1 | 0 |
_aAbecedario / _cMorelos Torres. |
| 260 |
_aMéxico : _bConsejo Nacional para la Cultura y las Artes, _c1996. |
||
| 300 | _a105 p. | ||
| 440 | 0 |
_aTierra adentro ; _v123 |
|
| 650 | 4 |
_aTeatro mexicano _ySiglo XX _914583 |
|
| 650 | 4 |
_aLiteratura mexicana _ySiglo XX _95344 |
|
| 905 | _aLibro | ||
| 999 |
_c112621 _d112621 |
||